| 000 -LEADER |
| fixed length control field |
00944nam a22002057a 4500 |
| 008 - FIXED-LENGTH DATA ELEMENTS--GENERAL INFORMATION |
| fixed length control field |
250509b xxu||||| |||| 00| 0 eng d |
| 040 ## - CATALOGING SOURCE |
| Original cataloging agency |
Cagayan State University |
| Description conventions |
RDA |
| 082 ## - DEWEY DECIMAL CLASSIFICATION NUMBER |
| Classification number |
791.4372 |
| Item number |
H4778 2024 |
| 245 ## - TITLE STATEMENT |
| Title |
Hello, love, again / |
| Statement of responsibility, etc |
directed by Cathy Garcia-Sampana ; story by Carmi G. Raymundo, Crystal Hazel San Miguel, Olivia M. Lamasan ; produced by Katherine S. Labayen. |
| 260 ## - PUBLICATION, DISTRIBUTION, ETC. (IMPRINT) |
| Place of publication, distribution, etc |
Quezon City : |
| Name of publisher, distributor, etc |
Star Cinema, |
| Date of publication, distribution, etc |
2024. |
| 300 ## - PHYSICAL DESCRIPTION |
| Extent |
1 videofile (ca. 122 mins.) : |
| Other physical details |
sound, color. |
| 520 ## - SUMMARY, ETC. |
| Summary, etc |
After fighting for their love to conquer the time, distance and a global shutdown that kept them apart, Joy and Ethan meet again in Canada but realize that they have also changed a lot, individually. |
| 650 ## - SUBJECT ADDED ENTRY--TOPICAL TERM |
| Topical term or geographic name as entry element |
Drama. |
| 650 ## - SUBJECT ADDED ENTRY--TOPICAL TERM |
| Topical term or geographic name as entry element |
Romance. |
| 700 ## - ADDED ENTRY--PERSONAL NAME |
| Personal name |
Bernardo, Kathryn, star. |
| 700 ## - ADDED ENTRY--PERSONAL NAME |
| Personal name |
Richards, Alden, star. |
| 700 ## - ADDED ENTRY--PERSONAL NAME |
| Personal name |
Teehankee, Noel, cinematographer. |
| 700 ## - ADDED ENTRY--PERSONAL NAME |
| Personal name |
Ignacio, Marya, editor. |
| 942 ## - ADDED ENTRY ELEMENTS (KOHA) |
| Source of classification or shelving scheme |
|
| Item type |
Audio-Visual Materials |